000 00620nam a2200205Ia 4500
005 20250508150657.0
008 008 250505s9999 xx 000 0 eng d
037 _aTextual
040 _aFEDL
_beng
_cFEDL
041 _aeng
_2eng
084 _a370.943, SAM
_qFEDL
100 _aSamuel R H
_9291067
245 0 _aEducation and society in modern Germany
260 _aLondon, UK
_bRoutledge and Kegan Paul Ltd
_c1949
300 _a191p.
490 _aInternational Library Of Sociology And Social Reconstruction
650 _aEducation
942 _cTEXL
_h370.943, SAM
999 _c1324987
_d1324987